Największe miasta we Francji - Statystyki

Ogólne statystyki
  • Ten quiz został rozwiązany 41 razy
  • Średni wynik to 10 z 20
Statystyki odpowiedzi
Miasto Liczba ludności % Poprawnych
3 Lyon 522,969
100%
1 Paryż 2,165,423
100%
2 Marsylia 870,731
97%
9 Bordeaux 260,958
91%
5 Nicea 342,669
76%
8 Strasbourg 287,228
71%
4 Tuluza 493,465
71%
10 Lille 234,475
59%
7 Montpellier 295,542
56%
6 Nantes 318,808
56%
11 Rennes 220,488
53%
12 Reims 181,194
44%
17 Dijon 158,002
26%
16 Grenoble 158,198
26%
14 Saint-Étienne 173,821
26%
15 Hawr 168,290
24%
18 Angers 155,850
18%
19 Saint-Denis 153,810
18%
13 Toulon 178,745
12%
20 Villeurbanne 152,212
3%
Nie znaleziono quizów pasujących do podanych kryteriów
Rozkład punktacji
Procent ludzi z każdym wynikiem
Percentyl według liczby udzielonych odpowiedzi
Twoja historia wyników
Nie rozwiązałeś tego quizu